000 00752nam a2200241 a 4500
999 _c2010
_d2010
003 UkOxU
005 20210706052356.0
008 890322s1989 enka 000 0 eng d
020 _a0521356652
040 _cALUPE UNIVERSITY
050 0 _aRJ386
_b.G6 1989
092 _aD0400034457
100 1 _aGold, Milton.
245 1 0 _aAllergies and children :
_ba handbook for parents /
_cMilton Gold, Barry Zimmerman
250 _aRev. ed.
260 _aCambridge :
_bCambridge University Press,
_c1989
300 _a96 p. :
_bill. ;
_c23 cm
500 _aOriginally publ.: Toronto : Kids Can Press, 1986
650 0 _aAllergy in children
700 1 _aZimmerman, Barry.
942 _2lcc
_cBK
_nSO